000 00875nam a22003017a 4500
003 CHAP
005 20220329135153.0
008 971013s1976 r 00010 d
010 _a32072
011 _a33044
035 _a37159
040 _cCHAP
090 _aFolleto 4575y
100 0 0 _aNewth, David R.
_981100
245 1 _aCrecimiento y desarrollo animal
260 _aBarcelona :
_bOmega,
_c1976
300 _a62 p.
_b: ilus.
490 _aCuadernos de biología
590 _aBATCH-UPD
_b10
_c20130110
_lUCH01
_h2015
590 _aBATCH-UPD
_b10
_c20130410
_lUCH01
_h1334
590 _aBATCH-UPD
_b10
_c20130914
_lUCH01
_h1412
590 _aCONVERSION
_b10
_c20130109
_lUCH01
_h1318
650 1 4 _aFisiología animal.
_941131
830 0 _aCuadernos de biología
_929748
901 _aBK
942 _cFOLL
949 _aFolleto 4575y
_bBC
_cFOLL
_d-85203
_eTS1
_i37159
_si
999 _c32072
_d32072